Представление документа в формате MARC21

Поле Инд. ПП Название Значение
Тип записи a
Библиографический уровень a
001 Контрольный номер 75728ce2f61a402cbc589cea7a17198d
005 Дата корректировки 20151210104031.3
020 a ISBN 978-5-903927-23-4
040 a Служба первич. каталог. НБ ТвГУ
b Код языка каталог. rus
e Правила каталог. PSBO
041 0_ a Код языка текста rus
097 b Оператор batjaeva_g
100 1_ a Автор Квашнин Юрий Дмитриевич
q Полное имя Квашнин Ю. Д.
245 10 a Заглавие Греция: влияние антикризисных мер на политическое развитие
260 a Место издания Москва
b Издательство Идея-Пресс
504 a Библиография Библиогр. в подстроч. примеч.
520 0_ a Аннотация В статье рассмотрены ключевые аспекты экономического и политического развития Греции в 2014 году. Проанализированы результаты антикризисной политики правительства, перспективы выхода страны из рецессии и факторы, которые будут влиять на рост греческой экономики. Отмечены новые тенденции во внутриполитической жизни, главной из которых стало увеличение влияния оппозиционных партий в результате выборов в Европарламент и местные органы власти. Особое внимание уделено внешней политике Греции в условиях кризиса и итогам ее председательства в Совете ЕС.
653 0_ a Ключевые слова Греция
a Ключевые слова Долговой кризис
a Ключевые слова Антикризисные реформы
a Ключевые слова Партийно-политическая система
a Ключевые слова Выборы в Европарламент
773 18 w Контрольный № источника b4af36c863064c599b575333bbb4ae52
t Название источника Год планеты: экономика, политика, безопасность
d Место и дата издания Москва : Идея-Пресс, 2014
g Прочая информация Вып. 2014 г. - С. 312-325
901 t Тип документа a
920 a Оператор Батя